000 00592nam a2200229Ia 4500
003 OSt
005 20220924143953.0
006 a|||||r|||| 00| 0
007 ta
008 220923b |||||||| |||| 00| 0 urd d
024 _a311494
037 _cTextual
040 _aARTS
_cARTS
_burd
041 _2urd
_aurd
082 _aO168,1:gxM9MG,1, H5
100 _aMajnu Ahmad Siddeeq
_9216951
245 0 _aTanqeedi hashiye
260 _c1945
650 _aURDU POETRY
942 _hO168,1:gxM9MG,1, H5
_cTEXL
_2CC
999 _c455957
_d455957